000 00556nam a2200205Ia 4500
001 14630
003 GE_BSU
008 181216s||||||||xx |||||||||||||| ||und||
040 _cGE_BSU
080 _a821.353.1-11
100 _aკაშმაძე,შალვა
245 _aორი შეხვედრა. პოემა
260 _aბათუმი
260 _bსახელგამი
260 _c1940
300 _a62გვ.15სმ.
653 _aორი შეხვედრა
653 _aპოემა
942 _cBK
999 _c47758
_d47758